| 000 | 01076nam a2200289 a 4500 | ||
|---|---|---|---|
| 001 | 000021662 | ||
| 005 | 20240417183156.0 | ||
| 008 | 100909s2000 mx a 000 0 spa d | ||
| 020 | _a9701702727 | ||
| 040 |
_aDO-SdBNP _bspa _cBNPHU |
||
| 041 | 1 | 7 |
_aspa _heng _2Código de idiomas MARC |
| 082 |
_a338.5 _bH669m, 2000 |
||
| 100 | 1 |
_aHirshleifer, Jack _945069 |
|
| 245 | 1 | 0 |
_aMicroeconomía : _bteoría del precio y sus aplicaciones / _cJack Hirshleifer y David Hirshleifer ; traducción de Guadalupe Meza Stainess ; revisión técnica Gerardo Esquivel Hernández. |
| 250 | _a6a ed. | ||
| 260 |
_aMéxico, D. F. : _bPretice Hall Hispanoamericana, _c2000. |
||
| 300 |
_a590 p. : _bil. ; _c23 cm. |
||
| 534 |
_aVersión de la obra títulada : _tPrice theory and applicaions |
||
| 650 | 0 |
_aMicroeconomía _922953 |
|
| 650 | 4 |
_aEconomía gerencial _98305 |
|
| 650 | 4 |
_aTeoría económica _930923 |
|
| 700 | 1 |
_aHirshleifer, David _945070 |
|
| 700 | 1 |
_aMeza Stainess, Guadalupe, _etr. _945071 |
|
| 700 | 1 |
_aEsquivel Hernández, Gerardo _945072 |
|
| 910 | _aWM | ||
| 049 | _aBNGR | ||
| 999 |
_c21161 _d21161 |
||